Every Song by lovelytheband - Statistics

General Stats
  • This quiz has been taken 5 times
  • The average score is 16 of 57
Answer Stats
Album Song % Correct
finding it hard to smile(2018) broken
100%
conversations with myself about you(2020) conversations with myself about you
60%
if we're being honest(2023) if we're being honest
60%
finding it hard to smile(2018) coachella
40%
everything i could never say...(2017) don't worry, you will
40%
conversations with myself about you(2020) emo
40%
finding it hard to smile(2018) emotion
40%
finding it hard to smile(2018) everything i could never say...to you
40%
lovelytheband(2024) feel like summer
40%
finding it hard to smile(2018) finding it hard to smile
40%
Non-Album(2020) heartbreak of america
40%
finding it hard to smile(2018) make you feel pretty
40%
lovelytheband(2024) rock bottom
40%
if we're being honest(2023) sail away
40%
everything i could never say...(2017) strangers
40%
finding it hard to smile(2018) these are my friends
40%
conversations with myself about you(2020) your favorite one
40%
if we're being honest(2023) 2 drinks away
20%
finding it hard to smile(2018) alone time
20%
if we're being honest(2023) always been you
20%
conversations with myself about you(2020) buzz cut
20%
lovelytheband(2024) day run out
20%
lovelytheband(2024) dear, my future self
20%
conversations with myself about you(2020) drive
20%
lovelytheband(2024) fake it
20%
finding it hard to smile(2018) filling a void - interlude
20%
conversations with myself about you(2020) flowers - on my grave
20%
if we're being honest(2023) hell of a week
20%
if we're being honest(2023) i can't love
20%
conversations with myself about you(2020) idwgtyp
20%
conversations with myself about you(2020) i hate myself
20%
finding it hard to smile(2018) i like the way
20%
if we're being honest(2023) i'm sorry
20%
conversations with myself about you(2020) i should be happy
20%
conversations with myself about you(2020) loneliness for love
20%
conversations with myself about you(2020) love somebody else
20%
lovelytheband(2024) ltb
20%
finding it hard to smile(2018) make believe
20%
lovelytheband(2024) make it real
20%
if we're being honest(2023) make me wanna die
20%
finding it hard to smile(2018) maybe, i’m afraid
20%
lovelytheband(2024) nice to know you
20%
finding it hard to smile(2018) pity party
20%
if we're being honest(2023) sad goodbyes
20%
if we're being honest(2023) say no to drugs
20%
conversations with myself about you(2020) silly
20%
finding it hard to smile(2018) stupid mistakes
20%
if we're being honest(2023) superfly
20%
lovelytheband(2024) take me to the moon
20%
if we're being honest(2023) talk about it
20%
lovelytheband(2024) try for you
20%
finding it hard to smile(2018) walk from here
20%
conversations with myself about you(2020) waste
20%
lovelytheband(2024) what have i been missing
20%
conversations with myself about you(2020) when you're lonely - interlude
20%
lovelytheband(2024) when your heart remembers
20%
finding it hard to smile(2018) your whatever
20%
No matching quizzes found
Score Distribution
Percent of People with Each Score
Percentile by Number Answered
Your Score History
You have not taken this quiz